Box office 1995 par images restreintes - Statistiques

Statistiques générales
  • Ce quiz a été pris 92 fois
  • Le résultat moyen est 4 sur 12
Statistiques - réponses
Par images Réponse % Correct
Pocahontas, une légende indienne
94%
Casper
93%
Les Trois Frères
51%
Waterworld
32%
Gazon maudit
26%
GoldenEye
22%
Les Anges gardiens
21%
Une journée en enfer
21%
Le bonheur est dans le pré
12%
Élisa
8%
Stargate, la porte des étoiles
8%
Le Hussard sur le toit
4%
Aucun quiz correspondant
Distribution des résultats
% des personnes avec chaque résultat
Percentile par nombre de réponses
Votre historique - résultats
Vous n’avez pas pris ce quiz